Highest Paid Athletes (2000) - Statistics

General Stats
  • This quiz has been taken 20 times
  • The average score is 5 of 10
Answer Stats
Income Profession Answer % Correct
$37,000,000 Basketball Michael Jordan
100%
$53,000,000 Golf Tiger Woods
100%
$48,000,000 Boxing Mike Tyson
80%
$24,000,000 Basketball Shaquille O'Neal
80%
$59,000,000 F1/Auto Racing Michael Schumacher
75%
$24,500,000 NASCAR Dale Earnhardt
40%
$23,000,000 Boxing Lennox Lewis
30%
$21,000,000 Basketball Kevin Garnett
15%
$26,000,000 Basketball Grant Hill
10%
$23,000,000 Boxing Oscar De La Hoya
10%
No matching quizzes found
Score Distribution
Percent of People with Each Score
Percentile by Number Answered
Your Score History
You have not taken this quiz